Kudlich in Kremsier
| Titel: | Kudlich in Kremsier |
|---|---|
| Verfasser: | |
| In: |
Seliger-Gemeinde: Sudeten-Jahrbuch der Seliger-Gemeinde, Band 47 (1998), Seite 97-100 alle Artikel anzeigen |
| Veröffentlicht: | 1998 [1997] |
| Format: | Aufsatz |
| Sprache: | Deutsch |
X
alg: 39152347 001A $01999:11-11-16 001B $01999:15-05-21 $t20:55:29.000 001D $01999:11-11-16 001U $0utf8 001X $00 002@ $0Aox 003@ $0391523473 007A $0391523473 $aHEB 007T $0Herd01238 010@ $ager 011@ $a1998 $n1998 [1997] 021A $aKudlich in Kremsier 028A $7118885979 $8Prinz, Friedrich$Z1928-2003 [Tp1] $9087226405 031A $d47 $h97-100 $j1998 039B $aIn $8--Abvc--Seliger-Gemeinde [Tb1]. Sudeten-Jahrbuch der Seliger-Gemeinde. - München : Die Brücke, 1952-2003 $x199800000470000903 $9047713011 045F $a929.094371 $eDDC23BSB 045F/01 $a929 045F/03 $g4371 lok: 39152347 78 exp: 39152347 78 1 #EPN 201B/01 $025-02-18 $t22:22:13.000 201U/01 $0utf8 203@/01 $0787617628 208@/01 $a11-11-16 $be 209A/01 $a/ $f000 $x00 220C/01 $aTitelaufnehmer: rk 244Z/01 $#Tschechien $#Tschechische Republik $#Tschechische Republik $#Tschechenland $#Tschechei Tschechien $#Česká Republika $#Czech Republic $#ČR $74303381-7 $8--Tg1--Tschechien $x01 $9086659812 244Z/01 $2Trx $#Böhmen $#Bohemia $#Czechy $8--Trx--Čechy $x02 $9391188941 244Z/01 $74110390-7 $8--Tg1--Kremsier $x03 $908532731X 244Z/01 $aGeschichte 1848-1867 $x04 244Z/01 $7118567470 $8--Tp1--Kudlich, Hans$Z1823-1917 $x05 $9086908502 244Z/01 $2Trx $#revolutsioon 1848/49 $#Tautų pavasaris 1848/1849 $#Revolution 1848/49 $#forradalom 1848/49 $#Wiosna Ludów 1848/49 $#revolúcia 1848-49 $#revoluce 1848/49 $#Völkerfrühling $#Jar národov $8--Trx--Revolution$g1848/49 $x06 $9391383965 244Z/01 $2Trx $#Kremsieri riigipäev 1848/49 $#Kromerižo reichstagas 1848/49 $#Reichtag of Kremsier 1848/49 $#Kroměříči országgyülés 1948/49 $#Kromierzyż, sejm 1848/49 $#Kroměříž, ríšsky snem 1848/49 $#Kroměříž, říšský sněm 1848 $8--Trx--Kremsier, Reichstag von$g1848/49 $x07 $9391380540 244Z/01 $2Trx $#rahvasaadikud $#pasiuntiniai $#deputies $#képviselők $#posłowie $#poslanci $#poslanci $8--Trx--Abgeordnete $x08 $9391381369 244Z/01 $2Trx $8--Trx--Zeitschriftenaufsatz $x09 $9391384341 245Z/01 $a12.03 $x01 247C/01 $82080>Marburg/Lahn, Herder-Institut, Forschungsbibliothek, Bibliographieportal $9336309341
| LEADER | 00000caa a22000002c 4500 | ||
|---|---|---|---|
| 001 | 391523473 | ||
| 003 | DE-603 | ||
| 005 | 20210515205529.0 | ||
| 007 | tu | ||
| 008 | 161111s1998 xx |||| | u00||u|ger c | ||
| 035 | |a (DE-599)HEB391523473 | ||
| 040 | |a DE-603 |b ger |c DE-603 |d DE-603 | ||
| 041 | |a ger | ||
| 082 | 0 | 4 | |8 1\u |a 929.094371 |q DE-101 |2 23/BSB |
| 085 | |8 1\u |b 929 | ||
| 085 | |8 1\u |z 2 |s 4371 | ||
| 100 | 1 | |a Prinz, Friedrich |d 1928-2003 |0 (DE-603)087226405 |0 (DE-588)118885979 |2 gnd | |
| 245 | 0 | 0 | |a Kudlich in Kremsier |
| 264 | 0 | |c 1998 [1997] | |
| 773 | 0 | 8 | |i In |a Seliger-Gemeinde |t Sudeten-Jahrbuch der Seliger-Gemeinde |d München : Die Brücke, 1952-2003 |h 21 cm |g Band 47 (1998), Seite 97-100 |w (DE-603)047713011 |w (DE-600)511910-8 |
| 924 | 0 | |9 2080 |a (DE-603)787617628 |b DE-2080 |c HES |d d |g / | |


